Random famous people by picture #6 - Statistics

General Stats
  • This quiz has been taken 73 times
  • The average score is 10 of 16
Answer Stats
Picture Answer % Correct
Ed Sheeran
98%
Muhammad Ali
89%
Angelina Jolie
83%
Britney Spears
83%
Fidel Castro
79%
Logan Paul
71%
Jennifer Lopez
70%
Grigorij Rasputin
68%
Ronaldo Nazario
68%
Jim Morrison
62%
Orlando Bloom
57%
Vlad the Impaler
52%
Pablo Escobar
48%
James Cameron
46%
Jurij Gagarin
44%
Kim Ir Sen
2%
No matching quizzes found
Score Distribution
Percent of People with Each Score
Percentile by Number Answered
Your Score History
You have not taken this quiz